00468 2200193 4500001002100000005001500021035002000036245004700056100001600103250000600119856004500125260003600170082000800206084001400214600001000228990001200238990001200250990001200262INLIS00000000000180320250506104347 a0010-05250000951 aHabis Gelap terbilah Terang /cArmlyn Pane0 aArmlyn Pane a1 aRuang Baca Umum No Klas 800 ( Rak 3,4,5) aJakarta :bBalai Pustaka,c2000 a813 a813 ARM h 4aFiksi a00.0115 a00.0116 a00.0117